| 000 | 00603nam a22002057a 4500 | ||
|---|---|---|---|
| 005 | 20251108164341.0 | ||
| 008 | 250721s1999 xx 000 0 ara d | ||
| 082 | 1 | 4 | _a398.2/ماج |
| 100 | 1 | _aالماجدي، خزعل | |
| 245 | 1 | 0 | _aالآلهة الكنعانية / |
| 264 | 1 |
_aعمان : _bدار أزمنة، _c1999. |
|
| 300 | _a139ص | ||
| 490 | 0 | _aدراسات . معتقدات | |
| 650 | 1 | 7 | _aعلم الأساطير |
| 650 | 1 | 7 | _aالآلهة |
| 650 | 1 | 7 | _aالكنعانيون 900 - 3200 ق . م |
| 650 | 1 | 7 | _aالعلوم الإجتماعية |
| 942 |
_2ddc _cBK |
||
| 999 |
_c10015 _d10015 |
||